000 00987nam a2200205Ia 4500
003 Ost
005 20260507075112.0
008 260507s9999||||xx |||||||||||||| ||und||
040 _cfsecg
041 _aara
082 _a330
100 _aعبد الباقي، صلاح الدين محمد
_eمؤلف
245 0 _aالجوانب العلمية والتطبيقية في إدارة الموارد البشرية بالمنظمات /
_c صلاح الدين محمد عبد الباقي
260 _aالاسكندرية:
_bالدار الجامعية,
_c2001
300 _a400 صفحة؛
_bإيضاحات ؛
_c24 سم
504 _aببليوغرافيا:ص.191
520 _aمقدمة في إدارة الموارد البشرية،وظائف إدارة الموارد البشرية،وظائف إدارة الموارد البشرية،الاتجاهات الحديثة في إدارة الموارد البشرية
653 _aإدارة الأفراد
942 _cكتاب
999 _c42931
_d42931